The Ioway Indians /

Bibliographic Details
Main Author: Blaine, Martha Royce, 1923-
Format: Book
Language:English
Published: Norman : University of Oklahoma Press, [1979]
Edition:1st ed.
Series:Civilization of the American Indian series ; v. 151.
Subjects:

MARC

Tag First Indicator Second Indicator Subfields
LEADER 00000cam a2200000 a 4500
001 in00000099210
005 20150924160037.0
008 790301s1979 okuab b 00110 engm
010 |a  78021385  
020 |a 0806115270 :  |c $22.50 
035 |a (OCoLC)04835340 
035 |9 AAL0085AM 
040 |a DLC  |c DLC  |d OCL  |d m.c.  |d TXA  |d UtOrBLW 
043 |a n-us-ia  |a n-usc-- 
049 |a TXAM  |c [985986] 
050 0 0 |a E99.I6  |b B52 
082 0 |a 970/.004/97 
100 1 |a Blaine, Martha Royce,  |d 1923- 
245 1 4 |a The Ioway Indians /  |c by Martha Royce Blaine. 
250 |a 1st ed. 
264 1 |a Norman :  |b University of Oklahoma Press,  |c [1979] 
264 4 |c ©1979 
300 |a xiv, 364 pages :  |b illustrations, maps ;  |c 27 cm. 
336 |a text  |b txt  |2 rdacontent 
337 |a unmediated  |b n  |2 rdamedia 
338 |a volume  |b nc  |2 rdacarrier 
490 1 |a The Civilization of the American Indian series ;  |v [151] 
500 |a Includes index. 
504 |a Bibliography: pages 339-348. 
650 0 |a Iowa Indians. 
830 0 |a Civilization of the American Indian series ;  |v v. 151. 
999 |a MARS 
999 f f |s 0b11b191-2598-3eae-960b-4b2a33b555c7  |i ea7d7425-ca09-3f36-ae78-230ec8b4d4aa  |t 0 
952 f f |p ric  |a Texas A&M University  |b Rellis Campus  |c Joint Library Facility  |d Remote Storage  |t 0  |e E99.I6 B52  |h Library of Congress classification  |i unmediated -- volume  |m A14806295090 
998 f f |a E99.I6 B52  |t 0  |l Remote Storage